| 000 | 00781nam a22002177a 4500 | ||
|---|---|---|---|
| 005 | 20240530110609.0 | ||
| 008 | 160608s2013 ua f 000 0 ara d | ||
| 017 |
_a2012/21443 _bمصر . دار الكتب المصرية |
||
| 020 | _a9789774277955 | ||
| 040 | _aEG-CaGPL | ||
| 082 | 0 | 4 |
_221 _a303.48 _bق/م م |
| 100 | 0 | _aمصطفى سويف . | |
| 245 | 1 | 0 |
_aمصرنا فى سعيها نحو مستقبل افضل / _cمصطفى سويف . |
| 250 | _aط1. | ||
| 260 |
_aالقاهرة : _bالدار المصرية اللبنانية ، _c2014 . |
||
| 300 |
_a294 ص ؛ _c20 سم . |
||
| 651 | 0 | 4 |
_aمصر _xالاحوال الاجتماعية . |
| 651 | 0 | 4 |
_aمصر _vمقالات و محاضرات . |
| 942 |
_2ddc _cBK |
||
| 999 |
_c62813 _d62813 |
||